000
00231nam a2200085Ia 4500
008
120527s9999 xx 000 0 und d
100
_a
HADJIMICHAEL,T.M et al
245
_a
Sub-saharan Africa growth savings and investment
942
_c
BK
999
_c
25325
_d
25325